000 00308cam a22001097a 4500
008 180718bn.d. xxu||||| |||| 00| 0 eng d
082 _aB813x54 M278
100 _aMaharashtra.
245 _aMaharashtra: a case in brief on its border dispute with Mysore
260 _aBombay
_bThe author
_cn.d.
300 _a10p.
999 _c488877
_d488877